| 000 | 01119nam a2200241Ia 4500 | ||
|---|---|---|---|
| 999 |
_c41309 _d41309 |
||
| 001 | 7966 | ||
| 003 | GE_BSU | ||
| 005 | 20221003144012.0 | ||
| 008 | 181216s2013ge xx |||||||||||||| ||geo|| | ||
| 020 | _a9789941434648. | ||
| 040 | _cGE_BSU | ||
| 041 | _ageo | ||
| 080 | _a94(479.223) გ-59 | ||
| 100 |
_aგოგიტიძე სიმონ. _9101 |
||
| 245 |
_aდიდაჭარა: I-II საუკუნეებში / _cსიმონ გოგიტიძე, რედ: ბიჭიკო დიასამიძე, ნანა ხახუტაიშვილი. |
||
| 264 |
_aბათუმი : _bშოთა რუსთაველის სახელმწ.უნ-ტის გამ-ბა, _c2013. |
||
| 300 |
_a159 გვ; _c20 სმ. |
||
| 653 | _aდიდაჭარა: I-II საუკუნეებში. | ||
| 653 | _aისტორია | ||
| 700 |
_aდიასამიძე, ბიჭიკო _eრედაქტორი _914968 |
||
| 700 |
_aხახუტაიშვილი, ნანა _eრედაქტორი _914969 |
||
| 942 |
_cBK _2udc |
||